Linguistica Pragensia
| Título anterior: | Philologica Pragensia |
|---|---|
| Autores Corporativos: | , |
| Formato: | Electrónico Revista |
| Lenguaje: | inglés francés alemán italiano español |
| Publicado: |
Praha :
Academia,
1991-
Praha : Filozofická fakulta Univerzity Karlovy |
| Materias: | |
| Acceso en línea: | Full text available from Research Library: 01/01/2007 to 12/31/2012 Full text available from Research Library: 01/01/2017 to present |
MARC
| LEADER | 00000nas a2200000 a 4500 | ||
|---|---|---|---|
| 001 | ssj0057843 | ||
| 003 | WaSeSS | ||
| 005 | 20200512172242.0 | ||
| 006 | m d | ||
| 007 | cr n | ||
| 008 | 911207c19919999xr fr p s o 0 0eng c | ||
| 010 | |a 93645805 |z sn 91019587 | ||
| 015 | |a 016185072 |2 dnb | ||
| 016 | 7 | |a 016185072 |2 DE-101 | |
| 016 | 7 | |a 1087844-0 |2 DE-600 | |
| 016 | 7 | |a 002333136 |2 IsJJNL | |
| 016 | 7 | |a 011124732 |2 Uk | |
| 022 | |l 0862-8432 |y 0862-8432 | ||
| 030 | |a LIPRF4 | ||
| 035 | |a (WaSeSS)ssj0057843 | ||
| 040 | |a COO |b eng |c NST |d OCL |d NSD |d ELM |d NST |d DLC |d HUL |d DLC |d WAU |d CAS |d IUL |d SYS |d OCLCQ |d NLGGC |d OCLCQ |d HEBIS |d GEBAY |d GBVCP |d OCLCO |d OCLCQ |d OCLCF |d CUS |d OCLCO |d DEBBG |d OCLCO |d WAU |d OCLCQ |d OCLCO |d J9U |d UKMGB |d RDF |d OCLCO |d CUS |d IUL |d L2U |d WaSeSS | ||
| 041 | 0 | |a eng |a fre |a ger |a ita |a spa | |
| 042 | |a pcc | ||
| 050 | 0 | 0 | |a P1.A1 |b L49 |
| 082 | 0 | 0 | |a 410/.5 |2 20 |
| 210 | 1 | |a Linguist. Prag. | |
| 222 | 0 | |a Linguistica Pragensia | |
| 245 | 0 | 0 | |a Linguistica Pragensia |h [electronic resource]. |
| 260 | |a Praha : |b Academia, |c 1991- | ||
| 260 | 3 | |3 <2013-> : |a Praha : |b Filozofická fakulta Univerzity Karlovy | |
| 310 | |a Semiannual | ||
| 362 | 0 | |a 34/1- | |
| 500 | |a Title from cover. | ||
| 506 | |a License restrictions may limit access. | ||
| 515 | |a Issues for 1992- numbered within the year. | ||
| 546 | |a English, French, German, Italian, and Spanish. | ||
| 550 | |a Issued by: Československá akademie věd, Ústav pro jazyk český, 1991-1992; Ústav pro jazyk český Akademie věd ČR, 1993- | ||
| 588 | |a Latest issue consulted: 2/96 [i.e. 1996, no. 2]. | ||
| 650 | 0 | |a Linguistics |v Periodicals. | |
| 650 | 7 | |a 17.01 linguistics: general. |0 (NL-LeOCL)077598660 |2 bcl | |
| 650 | 7 | |a Linguistics. |2 fast |0 (OCoLC)fst00999202 | |
| 650 | 0 | 7 | |a Linguistik. |0 (DE-588)4074250-7 |2 gnd |
| 650 | 0 | 7 | |a Zeitschrift. |0 (DE-588)4067488-5 |2 gnd |
| 650 | 1 | 7 | |a Taalwetenschap. |2 gtt |
| 650 | 0 | 7 | |a Linguistik. |2 swd |
| 650 | 0 | 7 | |a Zeitschrift. |2 swd |
| 655 | 0 | |a Electronic journals. | |
| 710 | 2 | |a Ústav pro jazyk český ČSAV. | |
| 710 | 2 | |a Ústav pro jazyk český AV ČR. | |
| 780 | 0 | 1 | |t Philologica Pragensia |x 0048-3885 |w (DLC) 61032109 |w (OCoLC)2148584 |
| 850 | |a CU-Riv |a DeU |a DLC |a InU |a MH |a MiU |a MoU |a NIC |a NSyU |a WaU | ||
| 853 | 0 | 0 | |8 1 |a (*) |b (*) |i (year) |u 2 |v r |
| 853 | 0 | 0 | |8 2 |a (year) |b (*) |u 2 |v r |
| 856 | 4 | 0 | |z Full text available from Research Library: 01/01/2007 to 12/31/2012 |u https://search.proquest.com/publication/2026598 |
| 856 | 4 | 0 | |z Full text available from Research Library: 01/01/2017 to present |u https://search.proquest.com/publication/2026598 |
| 863 | 4 | 0 | |8 1 |a <34> |i <1991> |x provisional |
| 863 | 4 | 0 | |8 2 |a <1992>- |x provisional |